| 000 | 01587cam a2200361 i 4500 | ||
|---|---|---|---|
| 999 |
_c3438 _d3438 |
||
| 001 | a1241014 | ||
| 003 | OSt | ||
| 005 | 20240120115500.0 | ||
| 008 | 220712t20212021nyua b 6 000 0 eng d | ||
| 020 |
_a9781250220059 _q(hardcover) : |
||
| 040 |
_aFMG _beng _cFMG _dOCLCO _dMLN _dTAE _dKH8 _erda |
||
| 042 | _anbic | ||
| 082 | 0 | _a741.5973 GRE | |
| 100 | 1 |
_aGreen, John, _d1975- _eauthor, _eillustrator. |
|
| 245 | 1 | 0 |
_aAnts in our P. A. N. T. S. / _cwritten and illustrated by John Patrick Green ; with color by Wes Dzioba. |
| 250 | _aFirst edition. | ||
| 264 | 1 |
_aNew York : _bFirst Second, _c2021. |
|
| 264 | 4 | _c©2021. | |
| 300 |
_a200 pages : _bcolor illustrations ; _c22 cm. |
||
| 336 |
_atext _btxt _2rdacontent. |
||
| 336 |
_astill image _bsti _2rdacontent. |
||
| 337 |
_aunmediated _bn _2rdamedia. |
||
| 338 |
_avolume _bnc _2rdacarrier. |
||
| 490 | 1 |
_aInvestiGators ; _v4. |
|
| 520 | _a"With agent Brash trapped in a mysterious coma, the technicians at S.U.I.T. have designed the ultimate replacement: RoboBrash This high-tech replica has been programmed with all of the original Brash's crime-fighting skills and knowhow--but it seems he's got a few bugs in his system Will Mango and his new partner be enough to stop the giant ants that are on a rampage in the city?"--Provided by publisher. | ||
| 521 | 1 | _aAges 7-10. | |
| 650 | 0 |
_aAlligators _vComic books, strips, etc. |
|
| 650 | 0 |
_aPrivate investigators _vComic books, strips, etc. |
|
| 650 | 0 |
_aAnts _vComic books, strips, etc. |
|
| 700 | 1 |
_aDzioba, Wes, _ecolorist. |
|
| 830 | 0 |
_aInvestiGators ; _v4. |
|
| 942 |
_2ddc _cFIC |
||